La vie des Templiers

Guardat en:
Dades bibliogràfiques
Autor principal: Melville, Marion (autora)
Format: Llibre
Idioma:francès
Publicat: París Gallimard 1951
Edició:7a. ed
Col·lecció:La Suite des Temps, 24
Matèries:
Etiquetes: Afegir etiqueta
Sense etiquetes, Sigues el primer a etiquetar aquest registre!

MARC

LEADER 00000cam a2200000 a 4500
001 UCF8536
003 CL-VaPUC
008 130906e19510000fr |||||||||||||||||fre|d
082 0 4 |a 929.712  |b MEL  |2 21 
100 |a Melville, Marion  |e autora  |9 570634 
245 1 3 |a La vie des Templiers 
250 |a 7a. ed 
300 |a 295 p 
942 |c BK 
945 |d 20130906 13:01:00  |a dcastane 
260 |a París  |b Gallimard  |c 1951 
650 7 |a TEMPLARIOS  |2 CL-VaPUC  |9 319066 
650 0 |a Edad media  |9 258041 
650 0 |a Historia de Europa  |9 392003 
583 |a last modification  |c 20130906 13:01:00  |k Rodrigo Vera 
490 0 |a La Suite des Temps, 24 
999 |c 353105  |d 353103 
952 |0 0  |1 0  |3 erb  |4 0  |6 929_712000000000000_MEL_1951  |7 0  |8 A  |9 458031  |a BIBHIS  |b BIBHIS  |d 2019-11-23  |i 5002168  |o 929.712 MEL 1951  |p 5002168  |r 2023-01-25  |w 2019-11-23  |y BK  |z Catalogado en:20130906  |k HIS